Filmtitel - Buchstabe "A" - Statistiken

Allgemein
  • Dieses Quiz wurde 36 mal gespielt
  • Das Durchschnittsergebnis liegt bei 9 aus 30
Antwortstatistiken
Tipps Filmtitel % Korrekt
Außerirdisches Wesen greift Raumschiff an Alien
76%
Singende Streifenhörnchen Alvin und die Chipmunks
62%
Katastrophenfilm mit Bruce Willis Armageddon
62%
Blaue Außerirdische Avatar
59%
Superhelden-Allianz Avengers
59%
Schwarze Komödie / Gothic Family Addams Family
52%
Highschool-Freunde / Jungfräulichkeit verlieren American Pie
52%
Marvel-Superheld / Paul Rudd Ant-Man
52%
Weltraum / gescheiterte Mondlandung Apollo 13
48%
Schlangenjagd Anaconda
45%
Animationsfilm / Waldtiere entdecken Vorstadtleben Ab durch die Hecke
41%
Vietnamkrieg / Francis Ford Coppola Apocalypse Now
38%
Märchen mit absurden und surrealen Elementen/Charakteren Alice im Wunderland
34%
US-Präsident im Flugzeug als Geisel genommen Air Force One
28%
Film über US-Navy SEAL Chris Kyle American Sniper
28%
Schwarzweiß- und Farbfilm / Neonazis American History X
24%
Tagsüber Banker, nachts Mörder American Psycho
21%
CIA-Agent befreit Gefangene aus dem Iran Argo
17%
Vorstadtvater mit Midlife-Crisis American Beauty
14%
Fake-James Bond Austin Powers
14%
Roboter-Junge wächst im echten Leben auf A.I. - Künstliche Intelligenz
10%
Sklavenschiff / Gerichtsverfahren Amistad
10%
Film über Maya / Mel Gibson Apocalypto
10%
Comicbuch-Adaptionen / Römisches Reich Asterix & Obelix
7%
Schwarzweißfilm / Mann verleiht seine Wohnung an Kollegen für Affären Das Appartement
7%
Marvel-Superheld / Emma Stone The Amazing Spider-Man
7%
Junger Musikjournalist reist mit Band durch Amerika Almost Famous
3%
Mexikanischer Film / Hunde / Autounfall Amores Perros
3%
Lüge eines Mädchens zerstört Leben von anderen Abbitte
0%
Exzentrischer Privatdetektiv Ace Ventura
0%
Keine übereinstimmenden Quizze gefunden
Verteilung der Resultate
Anzahl Personen mit jedem Resultat
Perzentil nach korrekt beantworteten Fragen
Ihre Resultats-Entwicklung
Sie haben dieses Quiz noch nicht gespielt